ბათუმის შოთა რუსთაველის სახელმწიფო უნივერსიტეტის ბიბლიოთეკა

დავით წერეთელი (სხვიტორელი) (ბიბ.ჩანაწერი № 34645)

000 -LEADER
fixed length control field 00770nam a2200217Ia 4500
001 - CONTROL NUMBER
control field 415
003 - CONTROL NUMBER IDENTIFIER
control field GE_BSU
008 - FIXED-LENGTH DATA ELEMENTS--GENERAL INFORMATION
fixed length control field 181216s||||||||xx |||||||||||||| ||und||
040 ## - CATALOGING SOURCE
Transcribing agency GE_BSU
080 ## - UNIVERSAL DECIMAL CLASSIFICATION NUMBER
Universal Decimal Classification number 82-95(075.8)
100 ## - MAIN ENTRY--PERSONAL NAME
Personal name ნიკოლეიშვილი, ავთანდილ
245 ## - TITLE STATEMENT
Title დავით წერეთელი (სხვიტორელი)
245 ## - TITLE STATEMENT
Statement of responsibility, etc. რედ. ჭეიშვილი რეზო
260 ## - PUBLICATION, DISTRIBUTION, ETC.
Place of publication, distribution, etc. ქუთაისი
260 ## - PUBLICATION, DISTRIBUTION, ETC.
Name of publisher, distributor, etc. აკაკი წერეთლის სახ. უნ-ტის გამომცემლობა
260 ## - PUBLICATION, DISTRIBUTION, ETC.
Date of publication, distribution, etc. 2011
300 ## - PHYSICAL DESCRIPTION
Extent 170 გვ.
653 ## - INDEX TERM--UNCONTROLLED
Uncontrolled term დავით წერეთელი (სხვიტორელი)
942 ## - ADDED ENTRY ELEMENTS (KOHA)
Koha item type წიგნი
ეგზემპლარები
Withdrawn status Lost status Damaged status Not for loan Date acquired Barcode Date last seen Price effective from Koha item type Public note
        2018-12-17 1314 2018-12-17 2018-12-17 წიგნი დარბაზი